| 000 | 00690nam a2200265Ia 4500 | ||
|---|---|---|---|
| 005 | 20251020182505.0 | ||
| 008 | 200515s9999 xx 000 0 und d | ||
| 020 | _a978-607-707-401-4 | ||
| 082 | _a628.037/S68/2014 | ||
| 100 | _aPancorbo Floristrán, Francisco J. | ||
| 100 | _aSoriano Rull, Albert | ||
| 245 | 0 | _aSuministro, distribución y evacuación interior de agua sanitaria | |
| 250 | _a1a ed. | ||
| 260 | _aBarcelona | ||
| 260 | _bAlfaomega ; marcombo | ||
| 260 | _c2014 | ||
| 300 | _a497 p. | ||
| 300 | _bil., tbl., graf., fot. | ||
| 500 | _a1 ejemplar | ||
| 650 | _aAGUA | ||
| 650 | _aAGUA SANITARIA | ||
| 650 | _aHIDRAULICA | ||
| 942 | _cLIB | ||
| 999 |
_c1270 _d1270 |
||